000 00642nam a2200253Ia 4500
001 AUWbook002466
003 BDCtgAUW
005 20260406155209.0
008 220908s9999 xx 000 0 eng d
020 _a967730013x
040 _aBDCtgAUW
_cBDCtgAUW
050 _aQH193.S6R83
100 1 _aRubeli, Ken.
_915194
245 0 _aTropical rain forest in south-east asia :
_bpictorial journey /
260 _aKuala Lumpur :
_bTropical Press,
_c1986.
300 _axiii,234 pages.
650 0 _aBiology.
650 0 _aNatural history.
650 0 _aScience.
887 _a BRAC
_22982
888 _22982
942 _cBK
_00
945 _cBK
999 _c18019
_d18019